Statistics for Star Trek: Deep Space Nine Episodes

Click here to take the quiz!

General Stats

  • This quiz has been taken 24 times
  • The average score is 84 of 173

Answer Stats

EpisodeEpisode Name% Correct
1&2Emissary
100%
2The Circle
100%
8The Siege of AR-558
100%
3The Siege
100%
25&26What You Leave Behind
100%
1The Way of the Warrior
86%
21The Die is Cast
86%
11The Nagus
86%
3Looking for par'Mach in All the Wrong Places
86%
20Improbable Cause
86%
19In the Pale Moonlight
86%
26The Jem'Hadar
86%
3Past Prologue
86%
14One Little Ship
71%
7Little Green Men
71%
4Take Me Out to the Holosuite
71%
23Crossover
71%
25The Sound of Her Voice
71%
16Doctor Bashir, I Presume
71%
6Sacrifice of Angels
71%
10The Magnificent Ferengi
71%
5Babel
71%
1The Homecoming
71%
8Dax
71%
19Duet
71%
16Inter Arma Enim Silent Leges
71%
10Rapture
71%
17Wrongs Darker Than Death or Night
71%
2The Ship
71%
4Nor the Battle to the Strong
71%
24The Dogs of War
71%
16Prophet Motive
57%
18Distant Voices
57%
19Through the Looking Glass
57%
12Past Tense, Part II
57%
24Shakaar
57%
19Shattered Mirror
57%
25In the Cards
57%
24Empok Nor
57%
20Ferengi Love Songs
57%
8The Sword of Kahless
57%
9Our Man Bashir
57%
11Past Tense, Part I
57%
15By Inferno's Light
57%
13Return to Grace
57%
14In Purgatory's Shadow
57%
15Bar Association
57%
13For the Uniform
57%
18Hard Time
57%
21For the Cause
57%
23The Quickening
57%
25Broken Link
57%
19Ties of Blood and Water
57%
13Far Beyond the Stars
57%
12Who Mourns for Morn?
57%
26Tears of the Prophets
57%
10Move Along Home
57%
16If Wishes Were Horses
57%
15Badda-Bing, Badda-Bang
57%
20In the Hands of the Prophets
57%
6Captive Pursuit
57%
5Cardassians
57%
7Rules of Acquisition
57%
10It's Only a Paper Moon
57%
9Second Sight
57%
11Rivals
57%
6Trials and Tribble-ations
57%
16Shadowplay
57%
18Profit and Loss
57%
15Paradise
57%
21The Maquis, Part II
57%
20The Maquis, Part I
57%
2The Search, Part II
57%
1The Search, Part I
57%
23Profit and Lace
57%
22The Wire
57%
3The House of Quark
57%
26Call to Arms
43%
8Resurrection
43%
22Valiant
43%
17Penumbra
43%
9The Ascent
43%
19Strange Bedfellows
43%
8Things Past
43%
21When It Rains...
43%
22Tacking Into the Wind
43%
20His Way
43%
11The Darkness and the Light
43%
12The Emperor's New Cloak
43%
7You Are Cordially Invited
43%
14Chimera
43%
1A Time to Stand
43%
4A Man Alone
43%
5Chrysalis
43%
3Afterimage
43%
3Sons and Daughters
43%
2Rocks and Shoals
43%
21Soldiers of the Empire
43%
22Children of Time
43%
1Image in the Sand
43%
7Let He Who Is Without Sin...
43%
7Q-Less
43%
5Second Skin
43%
10Homefront
43%
10Sanctuary
43%
10Fascination
43%
25Tribunal
43%
4Invasive Procedures
43%
2The Visitor
43%
9Defiant
43%
8Meridian
43%
14The Storyteller
43%
14Heart of Stone
43%
6Starship Down
43%
1Apocalypse Rising
43%
13Battle Lines
43%
11Paradise Lost
43%
7Civil Defense
43%
14Sons of Mogh
43%
19Blood Oath
43%
24The Collaborator
43%
20The Muse
43%
22To the Death
43%
24Body Parts
43%
17Playing God
29%
2Shadows and Symbols
29%
14Whispers
29%
13Armageddon Game
29%
5The Assignment
29%
12The Alternate
29%
6Treachery, Faith and the Great River
29%
9Covenant
29%
8Necessary Evil
29%
11Prodigal Daughter
29%
18Dramatis Personae
29%
17The Forsaken
29%
15Progress
29%
20The Changing Face of Evil
29%
12Vortex
29%
23Extreme Measures
29%
9The Passenger
29%
6Melora
29%
16Change of Heart
29%
16Accession
29%
4Behind the Lines
29%
12The Begotten
29%
17Rules of Engagement
29%
17A Simple Investigation
29%
5Rejoined
29%
23Blaze of Glory
29%
26The Adversary
29%
25Facets
29%
21The Reckoning
29%
22Explorers
29%
23Family Business
29%
5Favor the Bold
29%
15Honor Among Thieves
29%
17Visionary
29%
15Destiny
29%
9Statistical Probabilities
29%
13Life Support
29%
18Inquisition
29%
24Time's Orphan
14%
6The Abandoned
14%
12Crossfire
14%
18Business as Usual
14%
4Indiscretion
14%
18'Til Death Do Us Part
14%
7Once More Unto the Breach
14%
11Waltz
14%
3Hippocratic Oath
14%
13Field of Fire
14%
4Equilibrium
14%

Score Distribution

Percentile by Number Answered

Percent of People with Each Score

Your Score History

You have not taken this quiz